RICS Scotland annual report 2010/11 (Record no. 112805)

MARC details
000 -LEADER
fixed length control field 00910cad a22002175a 4500
001 - CONTROL NUMBER
control field E154002
008 - FIXED-LENGTH DATA ELEMENTS--GENERAL INFORMATION
fixed length control field 110103s2011 xxko f 000 0 eng d
035 ## - SYSTEM CONTROL NUMBER
System control number (Sirsi) u154002
041 0# - LANGUAGE CODE
Language code of text/sound track or separate title eng
050 04 - LIBRARY OF CONGRESS CALL NUMBER
Classification number 333.0062 $2 18
110 2# - MAIN ENTRY--CORPORATE NAME
Corporate name or jurisdiction name as entry element Royal Institution of Chartered Surveyors
Subordinate unit Scottish Branch
9 (RLIN) 830
245 00 - TITLE STATEMENT
Title RICS Scotland annual report 2010/11
Medium [electronic resource]
260 ## - PUBLICATION, DISTRIBUTION, ETC.
Place of publication, distribution, etc. Edinburgh
Name of publisher, distributor, etc. RICS
Date of publication, distribution, etc. 2011
520 ## - SUMMARY, ETC.
Summary, etc. Report on the activities of RICS Scotland for the period 2010/11. Includes a statement of the Chairman's activities, details of RICS Scotland's achievements and an income and expenditure statement.
521 ## - TARGET AUDIENCE NOTE
Target audience note Introductory
590 ## - LOCAL NOTE (RLIN)
Local note KA
651 #4 - SUBJECT ADDED ENTRY--GEOGRAPHIC NAME
Geographic name Scotland
Chronological subdivision 1999-
690 ## - LOCAL SUBJECT ADDED ENTRY--TOPICAL TERM (OCLC, RLIN)
Topical term or geographic name as entry element ABOUT RICS-RICS ANNUAL REPORT
856 40 - ELECTRONIC LOCATION AND ACCESS
Uniform Resource Identifier <a href="https://www.rics.org/site/download_feed.aspx?fileID=10505&fileExtension=PDF">https://www.rics.org/site/download_feed.aspx?fileID=10505&fileExtension=PDF</a>
Public note View the annual report free of charge at www.rics.org
942 ## - ADDED ENTRY ELEMENTS (KOHA)
Suppress in OPAC 0
Holdings
Withdrawn status Lost status Source of classification or shelving scheme Damaged status Not for loan Home library Current library Shelving location Date acquired Total Checkouts Full call number Barcode Date last seen Copy number Price effective from Koha item type
    Dewey Decimal Classification     Virtual Virtual Online 03/10/2011   ONLINE PUBLICATION 154002-1001 06/08/2019 1 06/08/2019 Book